000 01542cam a2200349 a 4500
001 EDZ0000104879
003 StDuBDS
005 20161031105130.0
006 m||||||||d||||||||
007 cr |||||||||||
008 121017s2008 cau fo| 001|0|eng|d
020 _a9781452274782 (ebook) :
_cNo price
040 _aStDuBDS
_beng
_cStDuBDS
_epn
049 _aAlfaisal Main Library
050 0 _aJZ1320
_b.G67 2008
082 0 4 _a337
_223
100 1 _aGopinath, C.
_q(Chinnam)
245 1 0 _aGlobalization
_h[electronic resource] :
_ba multidimensional system /
_cC. Gopinath.
260 _aLos Angeles, [Calif.] ;
_aLondon :
_bSAGE,
_cc2008.
300 _a1 online resource (255 p.)
520 8 _aThe term 'globalization' has become a buzzword and has taken on a variety of meanings. It is often used as a surrogate to represent the increasing complexity of the environment or the growing relevance of international events. This text suggests that comprehending and dealing with globalization requires a multidisciplinary view.
521 _aSpecialized.
588 _aDescription based on print version record.
504 _aIncludes bibliographical references and index.
650 0 _aGlobalization
_xEconomic aspects.
650 0 _aInternational business enterprises.
655 7 _aElectronic books.
_2local
710 2 _aSage eBooks
776 0 8 _iPrint version :
_z9781412940191
856 4 0 _uhttp://ezproxy.alfaisal.edu/login?url=http://sk.sagepub.com/books/globalization-a-multidimensional-system
942 _2lcc
_cEBOOKS
999 _c479980
_d479980